00381nam a22001337a 450000500170000000800410001704100230005808200130008110000230009424500390011726000360015630000300019265000250022220240919134412.0240823b |||||||| |||| 00| 0 eng d aEnglish/Afrikaans  a349 LAW  lEnglish/Afrikaans  aThe Laws of South West Africa 1979 aWindhoek:bBy Authority, c1979 bxxxi, 45 pages; c25 cm.  aLegal practice bLaw